Introduction to the physics of waves / (Record no. 17243)

MARC details
000 -LEADER
fixed length control field 00999pam a2200277 i 4500
001 - CONTROL NUMBER
control field 016117506
003 - CONTROL NUMBER IDENTIFIER
control field EG-ScBUE
005 - DATE AND TIME OF LATEST TRANSACTION
control field 20250526105424.0
008 - FIXED-LENGTH DATA ELEMENTS--GENERAL INFORMATION
fixed length control field 120628s2013 e a f b f001 0 eng d
020 ## - INTERNATIONAL STANDARD BOOK NUMBER
International Standard Book Number 9780521147163 (paper back)
040 ## - CATALOGING SOURCE
Original cataloging agency EG-ScBUE
Language of cataloging eng
Description conventions rda
Transcribing agency EG-ScBUE
Modifying agency EG-ScBUE
082 04 - DEWEY DECIMAL CLASSIFICATION NUMBER
Classification number 531.1133
Edition number 22
Item number FRE
100 1# - MAIN ENTRY--PERSONAL NAME
Personal name Freegarde, Tim,
Dates associated with a name 1965-
9 (RLIN) 32428
Relator term author.
245 10 - TITLE STATEMENT
Title Introduction to the physics of waves /
Statement of responsibility, etc Tim Freegarde, University of Southampton.
264 #1 - PUBLICATION, DISTRIBUTION, ETC. (IMPRINT)
Place of publication, distribution, etc Cambridge, United Kingdom :
Name of publisher, distributor, etc Cambridge University Press,
Date of publication, distribution, etc 2013.
300 ## - PHYSICAL DESCRIPTION
Extent xiv, 296 pages :
Other physical details illustrations ;
Dimensions 26 cm
336 ## - CONTENT TYPE
Source rdacontent
Content type term text
Content type code txt
337 ## - MEDIA TYPE
Media type term unmediated
Source rdamedia
Media type code n
338 ## - CARRIER TYPE
Carrier type term volume
Carrier type code nc
Source rdacarrier
504 ## - BIBLIOGRAPHY, ETC. NOTE
Bibliography, etc Includes bibliographical references and index.
650 #7 - SUBJECT ADDED ENTRY--TOPICAL TERM
Topical term or geographic name as entry element Waves
Form subdivision Textbooks.
9 (RLIN) 32429
Source of heading or term BUEsh
650 #7 - SUBJECT ADDED ENTRY--TOPICAL TERM
Topical term or geographic name as entry element Wave-motion, Theory of
Form subdivision Textbooks.
9 (RLIN) 32430
Source of heading or term BUEsh
653 ## - INDEX TERM--UNCONTROLLED
Arrived date list February2013
-- January2015
Resource For college Engineering, Electrical
655 ## - INDEX TERM--GENRE/FORM
Form subdivision Reading book
942 ## - ADDED ENTRY ELEMENTS (KOHA)
Source of classification or shelving scheme Dewey Decimal Classification
Koha item type Book - Borrowing
Holdings
Withdrawn status Lost status Source of classification or shelving scheme Damaged status Not for loan Collection code Home library Current library Shelving location Date acquired Source of acquisition Cost, normal purchase price Serial Enumeration / chronology Total Checkouts Total Renewals Full call number Barcode Date last seen Date checked out Price effective from Koha item type Cost, replacement price
    Dewey Decimal Classification     Alahram Central Library Central Library First floor 06/02/2013   198.00 14152 1 24 531.1133 FRE 000027996 15/07/2025 12/02/2013 06/02/2013 Book - Borrowing  
    Dewey Decimal Classification     Baccah Central Library Central Library First floor 26/01/2015 Purchase 201.00 21291     531.1133 FRE 000037366 15/07/2025   26/01/2015 Book - Borrowing 251.00